Statistics for Top-Level League Football Champion in Every European Country

Click here to take the quiz!

General Stats

  • This quiz has been taken 94 times
    (61 since last reset)
  • The average score is 22 of 45

Answer Stats

CountryLeagueChampion% Correct
SpainLa LigaFC Barcelona
98%
GermanyBundesligaFC Bayern Munich
98%
EnglandPremier LeagueManchester City F.C.
98%
FranceLigue 1Paris Saint-Germain F.C.
98%
PortugalPrimeira LigaS.L. Benfica
94%
ItalySerie AS.S.C. Napoli
94%
ScotlandScottish PremiershipCeltic F.C.
88%
GreeceSuper League GreeceAEK Athens F.C.
82%
SwitzerlandSwiss Super LeagueBSC Young Boys
82%
AustriaAustrian Football BundesligaFC Red Bull Salzburg
82%
NetherlandsEredivisieFeyenoord
82%
UkraineUkrainian Premier LeagueFC Shakhtar Donetsk
80%
CroatiaCroatian Football LeagueGNK Dinamo Zagreb
80%
Czech RepublicCzech First LeagueAC Sparta Prague
78%
SerbiaSerbian SuperLigaRed Star Belgrade
78%
RussiaRussian Premier LeagueFC Zenit Saint Petersburg
76%
DenmarkDanish SuperligaF.C. Copenhagen
75%
BelgiumBelgian Pro LeagueRoyal Antwerp F.C.
73%
NorwayEliteserienMolde FK
63%
HungaryNemzeti Bajnokság IFerencvárosi TC
55%
BulgariaFirst Professional Football LeaguePFC Ludogorets Razgrad
55%
FinlandVeikkausliigaHelsingin Jalkapalloklubi
47%
SlovakiaSlovak Super LigaŠK Slovan Bratislava
45%
IrelandLeague of Ireland Premier DivisionShamrock Rovers F.C.
37%
AlbaniaKategoria SuperioreFK Partizani Tirana
35%
PolandEkstraklasaRaków Częstochowa
29%
Bosnia and HerzegovinaPremier League of Bosnia and HerzegovinaHŠK Zrinjski Mostar
27%
LithuaniaA LygaFK Žalgiris
25%
SloveniaSlovenian PrvaLigaNK Olimpija Ljubljana
24%
WalesCymru PremierThe New Saints F.C.
24%
SwedenAllsvenskanBK Häcken
22%
EstoniaMeistriliigaFC Flora
20%
RomaniaLiga IFCV Farul Constanța
20%
KosovoFootball Superleague of KosovoFC Ballkani
18%
MontenegroMontenegrin First LeagueFK Budućnost Podgorica
16%
San MarinoCampionato Sammarinese di CalcioS.P. Tre Penne
16%
IcelandBesta deild karlaBreiðablik
14%
MoldovaMoldovan Super LigaFC Sheriff Tiraspol
14%
LuxembourgLuxembourg National DivisionFC Swift Hesperange
12%
Northern IrelandNIFL PremiershipLarne F.C.
12%
AndorraPrimera DivisióAtlètic Club d'Escaldes
10%
North MacedoniaMacedonian First Football LeagueFC Struga
10%
MaltaMaltese Premier LeagueĦamrun Spartans F.C.
8%
LatviaLatvian Higher LeagueValmiera FC
6%
BelarusBelarusian Premier LeagueFC Shakhtyor Soligorsk
4%

Score Distribution

Percentile by Number Answered

Percent of People with Each Score

Your Score History

You have not taken this quiz since the last reset